000 00324 a2200145 4500
001 174090
020 _a
040 _cMagnum
100 _aPimenta, Arlindo C.
240 1 0 _aSonhar, brincar, criar, interpretar
_lpor
245 1 0 _aSonhar, brincar, criar, interpretar
362 0 _a1899
697 _aGERAL
942 _cBK
999 _c174090
_d174090